LEADER 01272nam--2200397---450- 001 990001084870203316 005 20050630104215.0 010 $a88-348-1262-X 035 $a000108487 035 $aUSA01000108487 035 $a(ALEPH)000108487USA01 035 $a000108487 100 $a20020611d1995----km-y0enga50------ba 105 $ay|||z|||001yy 200 1 $aFilosofia del linguaggio normativo$fAmedeo G. Conte 210 $aTorino$cGiappichelli$d1995- 215 $av.$d21 cm 327 $aV. 3.: Studi 1995-2001. - 2001. - XCI, 1037 p. 606 0 $aFilosofia del linguaggio 606 0 $aLogica deontica 676 $a149.94 700 1$aCONTE$bAmedeo G.$0159051 801 0$aIT$bSalbc$cISBD 912 $a990001084870203316 951 $aII.1.D. 3121/3(IV C 3325)$b33508 G$cIV C$d00082450 951 $aII.1.D. 3121/3a(IV C 3325bis)$b38449 L.M.$cIV C 959 $aBK 969 $aGIU 979 $aMARIA$b10$c20020611$lUSA01$h1053 979 $aPAOLA$b90$c20020725$lUSA01$h1223 979 $aCHIARA$b90$c20030122$lUSA01$h1016 979 $aCHIARA$b90$c20030122$lUSA01$h1020 979 $aPATRY$b90$c20040406$lUSA01$h1715 979 $aCOPAT3$b90$c20050630$lUSA01$h1042 996 $aFilosofia del linguaggio normativo$962609 997 $aUNISA